Statistics for Turkey Multiple Choice

Click here to take the quiz!

General Stats

  • This quiz has been taken 133 times
    (94 since last reset)
  • The average score is 11 of 17

Answer Stats

QuestionAnswer% Correct
What is the capital of Turkey?Ankara
93%
What is an Nazar amulet believed to do?Protect against the evil eye
90%
Which one is the second largest ethnic group of Turkey?Kurds
88%
Who is considered to be the national hero of modern Turkey?Mustafa Kemal Atatürk
87%
Which country did Turkey invade in 1974?Cyprus
79%
What strait straddles in the middle of Istanbul?Bosphorus
74%
Which one of these countries does Turkey NOT border?Russia
74%
What is the Turkish name for the Turkish delight?Lokum
66%
What did people in Turkey NOT have until the 1930s?Surnames
65%
In which year did the Turkish alphabet based on the Latin script get accepted nationwide?1928
61%
Which one of these is NOT one of the former names of Istanbul?New Athens
57%
Into how many provinces is Turkey divided?81
52%
Which of these is the English name for the longest river entirely located in Turkey?Red River
45%
In 2003 Turkey won the Eurovision Song Contest for the first time with the song called "Everyway That I Can". Who sang it?Sertab Erener
45%
True or False? - Turkey was neutral during World War II.False
40%
Which one of these is mainland Asia's westernmost point?Cape Baba
35%
At its peak, how many times bigger was the Ottoman Empire that the modern Turkey?6.6 times bigger
29%

Score Distribution

Percentile by Number Answered

Percent of People with Each Score

Your Score History

You have not taken this quiz since the last reset